000
00229nam a22000857a 4500
008
161028b xxu||||| |||| 00| 0 eng d
100
_9
986
_a
Gomber.KL.etal
245
_a
Fundamental physics
260
_a
New Delhi
_b
P.P. Publications
_c
2012
999
_c
3644
_d
3644